00327nam a2200121Ia 4500008004100000041000800041082001400049100002100063245004500084260003500129300002800164365001300192240624s9999 xx 000 0 und d aeng a004.6 SUB aSUBRAMANIAN MANI aNETWORK MANAGEMENT PRINCIPLES AND PRACTI c2005aDelhibPearson Education axxiii, : 644 : cm. ; 24 cRSb31.5